European Countries by Average Elevation - Statistics

General Stats
  • This quiz has been taken 286 times
  • The average score is 10 of 45
Answer Stats
Avg height Country % Correct
1369 Switzerland
95%
1996 Andorra
93%
972 Liechtenstein
64%
898 Austria
53%
30 Netherlands
43%
1086 Montenegro
35%
34 Denmark
34%
43 Vatican City
34%
40 Monaco
33%
800 Kosovo
29%
911 Albania
27%
63 Malta
26%
216 San Marino
26%
704 Spain
26%
702 Bosnia and Herzegovina
24%
61 Estonia
22%
538 Italy
22%
492 Slovenia
22%
741 Macedonia
20%
566 Norway
20%
110 Lithuania
18%
95 Latvia
17%
375 France
16%
162 United Kingdom
16%
270 Germany
15%
498 Greece
15%
112 Ireland
15%
557 Iceland
14%
442 Serbia
13%
181 Belgium
12%
139 Moldova
12%
372 Portugal
12%
325 Luxembourg
11%
458 Slovakia
11%
160 Belarus
10%
331 Croatia
10%
171 Poland
10%
414 Romania
9%
421 Bulgaria
8%
164 Finland
8%
372 Russia
8%
320 Sweden
8%
143 Hungary
7%
176 Ukraine
7%
433 Czech Republic
6%
No matching quizzes found
Score Distribution
Percent of People with Each Score
Percentile by Number Answered
Your Score History
You have not taken this quiz